000 00588cab a2200205 4500
001 X540
008 090401t1993 xxu||||| |||| 00| 0 eng d
035 _a(Sirsi) u66251
041 _aeng
245 _aPromotion: schools industry project
260 _c1993
350 _a0
490 _aCSM (Chartered Surveyor Monthly)
_v2(7) April 1993, 2(1)
650 _aCAREERS, EDUCATION AND TRAINING
650 _aINVESTIGATING THE PROPERTY PROFESSION
650 _aPUPLIC AWARENESS
690 _aMANAGEMENT-BUSINESS MANAGEMENT-PROFESSIONAL PRACTICE
942 _n0
948 _c04/03/1997
999 _c41421
_d41421